Statistics for Countries with Confirmed Coronavirus Cases

Click here to take the quiz!

General Stats

  • This quiz has been taken 70 times
  • The average score is 21 of 26

Answer Stats

# of casesCountry% Correct
40,171China
100%
12United States
100%
4United Kingdom
98%
11France
94%
96Japan
92%
27South Korea
92%
7Canada
90%
3Italy
90%
2Russia
90%
2Spain
90%
14Germany
89%
3India
89%
15Australia
86%
32Thailand
84%
14Vietnam
81%
43Singapore
79%
17Malaysia
75%
1Nepal
67%
18Taiwan
67%
3Philippines
65%
1Sweden
65%
1Cambodia
63%
1Finland
60%
7United Arab Emirates
54%
1Sri Lanka
51%
1Belgium
49%

Score Distribution

Percentile by Number Answered

Percent of People with Each Score

Your Score History

You have not taken this quiz